Statistics for Largest Cities by US State

Click here to take the quiz!

General Stats

  • This quiz has been taken 176 times
    (166 since last reset)
  • The average score is 43 of 56

Answer Stats

statepopulationcity% Correct
Georgia5,458,000Atlanta
96%
Hawaii976,000Honolulu
96%
California17,402,000Los Angeles
96%
Florida5,763,000Miami
96%
Pennsylvania6,019,000Philadelphia
96%
Illinois9,522,000Chicago
95%
Colorado2,645,000Denver
95%
New York19,832,000New York
95%
Massachusetts4,641,000Boston
94%
Indiana1,929,000Indianapolis
94%
Louisiana1,227,000New Orleans
94%
Arizona4,330,000Phoenix
94%
Washington3,552,000Seattle
93%
Michigan4,292,000Detroit
92%
Oklahoma1,297,000Oklahoma City
92%
Idaho638,000Boise
91%
Texas6,701,000Dallas-Fort Worth
91%
Kansas846,000Kansas City
91%
Utah1,124,000Salt Lake City
91%
Alaska301,000Anchorage
90%
Nevada2,001,000Las Vegas
90%
Minnesota3,422,000Minneapolis
90%
Arkansas718,000Little Rock
89%
Tennessee1,727,000Nashville
89%
Oregon2,290,000Portland
89%
Maine204,000Portland
89%
Maryland2,753,000Baltimore
87%
Mississippi539,000Jackson
86%
Missouri2,796,000St Louis
84%
New Mexico902,000Albuquerque
82%
Rhode Island1,601,000Providence
82%
Alabama1,137,000Birmingham
81%
North Carolina2,297,000Charlotte
81%
Ohio2,129,000Cincinnati
81%
Iowa595,000Des Moines
81%
Kentucky1,251,000Louisville
79%
District of Columbia659,000Washington
79%
Wisconsin1,567,000Milwaukee
78%
Nebraska886,000Omaha
77%
Connecticut1,214,000Hartford
76%
New Jersey278,000Newark
75%
Wyoming92,000Cheyenne
74%
West Virginia225,000Charleston
73%
Puerto Rico2,478,000San Juan
68%
Virginia1,700,000Virginia Beach
67%
South Carolina785,000Columbia
64%
North Dakota114,000Fargo
62%
Montana165,000Billings
58%
South Dakota244,000Sioux Falls
55%
Vermont214,000Burlington
49%
Delaware71,000Wilmington
49%
New Hampshire404,000Manchester
48%
American Samoa8,000Tafuna
15%
US Virgin Islands18,000Charlotte Amalie
9%
Northern Mariana Islands48,000Saipan
9%
Guam45,000Dededo
7%

Score Distribution

Percentile by Number Answered

Percent of People with Each Score

Your Score History

You have not taken this quiz since the last reset